ბათუმის შოთა რუსთაველის სახელმწიფო უნივერსიტეტის ბიბლიოთეკა

Multivariate Calculus and Geometry / (ბიბ.ჩანაწერი № 41078)

000 -LEADER
fixed length control field 00882nam a2200265Ia 4500
001 - CONTROL NUMBER
control field 7727
003 - CONTROL NUMBER IDENTIFIER
control field GE_BSU
005 - DATE AND TIME OF LATEST TRANSACTION
control field 20221116112958.0
008 - FIXED-LENGTH DATA ELEMENTS--GENERAL INFORMATION
fixed length control field 181216s2001en xx |||||||||||||| ||eng||
020 ## - INTERNATIONAL STANDARD BOOK NUMBER
International Standard Book Number 185233472X. x
040 ## - CATALOGING SOURCE
Transcribing agency GE_BSU
041 ## - LANGUAGE CODE
Language code of text/sound track or separate title eng
080 ## - UNIVERSAL DECIMAL CLASSIFICATION NUMBER
Universal Decimal Classification number 514.113 D-59
100 ## - MAIN ENTRY--PERSONAL NAME
Personal name Dineen,Sean.
9 (RLIN) 14706
245 ## - TITLE STATEMENT
Title Multivariate Calculus and Geometry /
Statement of responsibility, etc. Sean Dineen, Advisory Board :P.J.Cameron, M.A.J.Chaplain, K.Edman,and other.
260 ## - PUBLICATION, DISTRIBUTION, ETC.
Name of publisher, distributor, etc. London :
Place of publication, distribution, etc. Springer,
Date of publication, distribution, etc. 2001.
300 ## - PHYSICAL DESCRIPTION
Extent 245 p;
Dimensions 24 cm.
440 ## - SERIES STATEMENT/ADDED ENTRY--TITLE
Title Springer Undergraduate Mathematics Series: ISSN 1615-2085.
9 (RLIN) 14670
653 ## - INDEX TERM--UNCONTROLLED
keyword Multivariate Calculus and Geometry.
653 ## - INDEX TERM--UNCONTROLLED
keyword გეომეტრია
700 ## - ADDED ENTRY--PERSONAL NAME
Personal name Cameron, P.J.
Relator term Advisory Board
9 (RLIN) 14676
700 ## - ADDED ENTRY--PERSONAL NAME
Personal name Chaplain, M.A.J.
Relator term Advisory Board
9 (RLIN) 14672
700 ## - ADDED ENTRY--PERSONAL NAME
Personal name Edman, K.
Relator term Advisory Board
9 (RLIN) 14691
942 ## - ADDED ENTRY ELEMENTS (KOHA)
Koha item type წიგნი
Source of classification or shelving scheme
ეგზემპლარები
Withdrawn status Lost status Source of classification or shelving scheme Damaged status Not for loan Permanent Location Current Location Shelving location Date acquired Cost, normal purchase price Full call number Barcode Date last seen Copy number Price effective from Koha item type Public note
          ბათუმის შოთა რუსთაველის სახელმწიფო უნივერსიტეტის მთავარი ბიბლიოთეკა ბათუმის შოთა რუსთაველის სახელმწიფო უნივერსიტეტის მთავარი ბიბლიოთეკა წიგნსაცავი 2018-12-17 78.00 514.113 D-59 24103 2018-12-17 24103 2018-12-17 წიგნი 78 gel.
          ბათუმის შოთა რუსთაველის სახელმწიფო უნივერსიტეტის მთავარი ბიბლიოთეკა ბათუმის შოთა რუსთაველის სახელმწიფო უნივერსიტეტის მთავარი ბიბლიოთეკა წიგნსაცავი 2018-12-17 78.00 514.113 D-59 24104 2018-12-17 24104 2018-12-17 წიგნი 78 gel.
          ბათუმის შოთა რუსთაველის სახელმწიფო უნივერსიტეტის მთავარი ბიბლიოთეკა ბათუმის შოთა რუსთაველის სახელმწიფო უნივერსიტეტის მთავარი ბიბლიოთეკა წიგნსაცავი 2018-12-17 78.00 514.113 D-59 24105 2018-12-17 24105 2018-12-17 წიგნი 78 gel.
          ბათუმის შოთა რუსთაველის სახელმწიფო უნივერსიტეტის მთავარი ბიბლიოთეკა ბათუმის შოთა რუსთაველის სახელმწიფო უნივერსიტეტის მთავარი ბიბლიოთეკა წიგნსაცავი 2018-12-17 78.00 514.113 D-59 24106 2018-12-17 24106 2018-12-17 წიგნი 78 gel.
          ბათუმის შოთა რუსთაველის სახელმწიფო უნივერსიტეტის მთავარი ბიბლიოთეკა ბათუმის შოთა რუსთაველის სახელმწიფო უნივერსიტეტის მთავარი ბიბლიოთეკა წიგნსაცავი 2018-12-17 78.00 514.113 D-59 24107 2018-12-17 24107 2018-12-17 წიგნი 78 gel.